000 00564nam a2200193Ia 4500
003 OSt
005 20200819122643.0
008 190216s9999||||xx |||||||||||||| ||und||
020 _a9788188646746
040 _coclc
082 _a541.3
_bPUR/P
100 _aPuri, B R
_94153
245 0 _aPrinciples Of Physical Chemistry /
_cB R Puri ; L R Sharma ; M S Pathania
250 _a44th Ed.
260 _bVishal Publishing,
_c2010.
_aDelhi:
300 _a1303p
650 _aChemistry-Chemistry
942 _cBK
_2ddc
_h541.3
_iPUR/P
_k541.3
_mPUR/P
999 _c3501
_d3501